Know your child / (Record no. 122483)

MARC details
000 -LEADER
fixed length control field 00746nam a22002537a 4500
005 - DATE AND TIME OF LATEST TRANSACTION
control field 20170124105911.0
010 ## - LIBRARY OF CONGRESS CONTROL NUMBER
LC control number B-167455
020 ## - INTERNATIONAL STANDARD BOOK NUMBER
Terms of availability 450.00
International Standard Book Number 9788180692123
035 ## - SYSTEM CONTROL NUMBER
System control number B-167455
037 ## - SOURCE OF ACQUISITION
Source of stock number/acquisition Cen Lib/Ret
040 ## - CATALOGING SOURCE
Original cataloging agency DPL
Language of cataloging EN
082 ## - DEWEY DECIMAL CLASSIFICATION NUMBER
Classification number 305.231
Item number PAN
100 ## - MAIN ENTRY--PERSONAL NAME
Personal name Pankajam, G.
9 (RLIN) 97546
245 ## - TITLE STATEMENT
Title Know your child /
Statement of responsibility, etc by G. Pankajam
260 ## - PUBLICATION, DISTRIBUTION, ETC. (IMPRINT)
Place of publication, distribution, etc New Delhi
Name of publisher, distributor, etc Concept Publishing Company
Date of publication, distribution, etc 2005
270 ## - ADDRESS
Address A/15-16, Commercial Block, Mohan Garden
City New Delhi
Postal code 110059
300 ## - PHYSICAL DESCRIPTION
Extent 265p.
Dimensions 20cm(Hb)
500 ## - GENERAL NOTE
General note Includes bibliography and index
650 ## - SUBJECT ADDED ENTRY--TOPICAL TERM
Topical term or geographic name as entry element Child development
9 (RLIN) 895
650 ## - SUBJECT ADDED ENTRY--TOPICAL TERM
Topical term or geographic name as entry element Child care
General subdivision
9 (RLIN) 896
650 ## - SUBJECT ADDED ENTRY--TOPICAL TERM
Form subdivision
9 (RLIN) 138845
650 ## - SUBJECT ADDED ENTRY--TOPICAL TERM
Form subdivision
9 (RLIN) 138846
942 ## - ADDED ENTRY ELEMENTS (KOHA)
Source of classification or shelving scheme Dewey Decimal Classification
Koha item type English Books
Classification part 305.231
Call number suffix PAN
Holdings
Withdrawn status Lost status Damaged status Not for loan Home library Current library Date acquired Source of acquisition Cost, normal purchase price Total Checkouts Full call number Barcode Date last seen Copy number Cost, replacement price Price effective from Koha item type
        Central Library Central Library 27/05/2015 Cen Lib/Ret 450.00   305.231 PAN B-167455 27/05/2015 1 450.00 15/09/2016 English Books
        Central Library Central Library 17/03/2016 Cen Lib/Ret 450.00   305.231 PAN B-167454 17/03/2016 1 450.00 17/03/2016 English Books

© Delhi Public Library
Hit Counter
free hit counter